Sports Quiz

Random Sports or MLB Quiz

Silver Sluggers (Pitcher) Quiz Stats

 Plays Quiz Updated Nov 9, 2018

Score 0/39 Timer 04:00
2 Plays Today
Year Pitcher % Correct
1991Tom Glavine
86.3%
1995Tom Glavine
86.3%
1996Tom Glavine
86.3%
1998Tom Glavine
86.3%
2015Madison Bumgarner
81.8%
2006Carlos Zambrano
81.2%
2008Carlos Zambrano
81.2%
2014Madison Bumgarner
79.5%
1997John Smoltz
78.7%
2016Jake Arrieta
66.6%
1999Mike Hampton
64.1%
2000Mike Hampton
64.1%
2001Mike Hampton
64.1%
2002Mike Hampton
64.1%
2003Mike Hampton
64.1%
2017Adam Wainwright
59.9%
2009Carlos Zambrano
59.1%
2013Zack Greinke
54.8%
2012Stephen Strasburg
41.2%
2007Micah Owings
34.1%
Year Pitcher % Correct
1981Fernando Valenzuela
30.8%
1983Fernando Valenzuela
30.8%
1993Orel Hershiser
27.8%
1992Dwight Gooden
27.6%
2004Liván Hernández
23.4%
2018Germán Márquez
22%
2010Yovani Gallardo
18.1%
2005Jason Marquis
14.6%
1984Rick Rhoden
12.8%
1985Rick Rhoden
12.8%
1986Rick Rhoden
12.8%
1980Bob Forsch
10.4%
1987Bob Forsch
10.4%
1982Don Robinson
8.5%
1989Don Robinson
8.5%
1990Don Robinson
8.5%
2011Daniel Hudson
7.4%
1988Tim Leary
3.4%
1994Mark Portugal
2.6%

You're not logged in!

Compare scores with friends on all Sporcle quizzes.
OR
Log In

Show Comments

Extras

Top Quizzes Today


Score Distribution

Your Account Isn't Verified!

In order to create a playlist on Sporcle, you need to verify the email address you used during registration. Go to your Sporcle Settings to finish the process.

Report this User

Report this user for behavior that violates our Community Guidelines.

Details: